| Tag |
First Indicator |
Second Indicator |
Subfields |
| LEADER |
00000cam a2200000Ii 4500 |
| 001 |
in00003805708 |
| 005 |
20170615135152.0 |
| 008 |
160924s2017 paua b 001 0 eng d |
| 035 |
|
|
|a (OCoLC)ocn959265650
|
| 040 |
|
|
|a BTCTA
|b eng
|e rda
|c BTCTA
|d YDX
|d BDX
|d OCLCQ
|d PIT
|
| 020 |
|
|
|a 9780822964476
|
| 020 |
|
|
|a 0822964473
|
| 024 |
8 |
|
|a 40027203249
|
| 035 |
|
|
|a (OCoLC)959265650
|
| 050 |
|
4 |
|a PN45
|b .S545 2017
|
| 049 |
|
|
|a TXAM
|
| 100 |
1 |
|
|a Shellhorse, Adam Joseph,
|e author.
|
| 245 |
1 |
0 |
|a Anti-literature :
|b the politics and limits of representation in modern Brazil and Argentina /
|c Adam Joseph Shellhorse.
|
| 264 |
|
1 |
|a Pittsburgh, Pa. :
|b University of Pittsburgh Press,
|c [2017]
|
| 300 |
|
|
|a xiv, 258 pages :
|b illustrations ;
|c 23 cm.
|
| 336 |
|
|
|a text
|b txt
|2 rdacontent
|
| 337 |
|
|
|a unmediated
|b n
|2 rdamedia
|
| 338 |
|
|
|a volume
|b nc
|2 rdacarrier
|
| 490 |
1 |
|
|a Illuminations (Pittsburgh, Pa.)
|
| 504 |
|
|
|a Includes bibliographical references (pages 229-249) and index.
|
| 505 |
0 |
|
|a Introduction: Anti-literature -- Figurations of immanence: writing the subaltern and the feminine in Clarice Lispector -- The letter's limit: anti-literature and politics in David Viñas -- Subversions of the sensible: the poetics of antropofagia in Brazilian concrete poetry -- The untimely matter of anti-literature: the politics of the Baroque in Haroldo de Campos and Osman Lins -- Writing subaltern redemption and insurgency: Haroldo de Campos's "The Left-Winged Angel of History" -- Conclusion: The untimely secret of anti-literature.
|
| 520 |
|
|
|a "Anti-Literature articulates a rethinking of what is meant today by "literature." Examining key Latin American forms of experimental writing from the 1920s to the present, Adam Joseph Shellhorse reveals literature's power as a site for radical reflection and reaction to contemporary political and cultural conditions. His analysis engages the work of writers such as Clarice Lispector, Oswald de Andrade, the Brazilian concrete poets, Osman Lins, and David Viñas, to develop a theory of anti-literature that posits the feminine, multimedial, and subaltern as central to the undoing of what is meant by "literature". Shellhorse challenges prevailing discussions about the historical projection and critical force of Latin American literature. Examining a diverse array of texts and media that include the visual arts, concrete poetry, film scripts, pop culture, neo-baroque narrative, and others that defy the genre, Shellhorse delineates the subversive potential of anti-literary modes of writing while also engaging current debates in Latin American studies on subalternity, feminine writing, posthegemony, concretism, affect, marranismo, and the politics of aesthetics."
|c --back cover.
|
| 600 |
1 |
0 |
|a Lispector, Clarice
|x Criticism and interpretation.
|
| 600 |
1 |
0 |
|a Viñas, David
|x Criticism and interpretation.
|
| 600 |
1 |
0 |
|a Andrade, Oswald de,
|d 1890-1954
|x Criticism and interpretation.
|
| 600 |
1 |
0 |
|a Lins, Osman,
|d 1924-1978
|x Criticism and interpretation.
|
| 650 |
|
0 |
|a Literature
|x Philosophy.
|
| 650 |
|
0 |
|a Latin American literature
|x History and criticism.
|
| 830 |
|
0 |
|a Illuminations (Pittsburgh, Pa.)
|
| 945 |
|
|
|b 137697
|
| 947 |
|
|
|a A14850167116
|
| 994 |
|
|
|a 92
|b TXA
|
| 948 |
|
|
|a Cataloged
|b h
|c 2017/6/15
|d c
|e A RRule
|
| 999 |
f |
f |
|s bbd11674-7f20-3ab5-9f4e-cbbdccacc114
|i 4f228306-4796-3348-af2b-3fa0f74fee5b
|t 0
|
| 952 |
f |
f |
|p normal
|a Texas A&M University
|b College Station
|c Sterling C. Evans Library
|d Evans: Library Stacks
|t 0
|e PN45 .S545 2017
|h Library of Congress classification
|i unmediated -- volume
|m A14850167116
|
| 998 |
f |
f |
|a PN45 .S545 2017
|t 0
|l Evans: Library Stacks
|